000 00634nam a2200217Ia 4500
005 20240127091325.0
008 131103s9999 xx 000 0 und d
020 _a198760221
040 _aLoreto College
041 _aEnglish
082 _a342.941
_bMAR
100 _aMarshall, Geoffrey
245 _aConstitutional theory
_cGeoffrey Marshall
260 _aOxford
_bClarendon Press
_c1971
300 _aix,238p.
504 _aIncludes bibliographical references and index
650 _aConstitution
651 _aConstitutional and Administrative Law - Great Britain - Constitutional Law
850 _aLCLIB
942 _cBK
999 _c10143
_d60622